| 000 | 00499aam a2200193 4500 | ||
|---|---|---|---|
| 005 | 20161107092233.0 | ||
| 008 | 150722b xxu||||| |||| 00| 0 spa d | ||
| 041 | _aInglés | ||
| 082 | _a428 H52a2 | ||
| 100 |
_aHewings, Martin _93486 |
||
| 245 | _aAdvanced grammar in use | ||
| 250 | _a2 edición | ||
| 260 |
_aEstados Unidos _bCambridge University Press _c2005 |
||
| 300 | _a264 páginas | ||
| 650 |
_aINGLÉS _92062 |
||
| 650 |
_aENSEÑANZA _9236 |
||
| 650 |
_aGRAMÁTICA _930470 |
||
| 942 | _cBK | ||
| 999 |
_c2045 _d2045 |
||